Normal view
MARC view
- Ghosh, B.N
Entry Personal Name
001 - CONTROL NUMBER
- control field: 7453
003 - CONTROL NUMBER IDENTIFIER
- control field: OSt
005 - DATE AND TIME OF LATEST TRANSACTION
- control field: 20250506111102.0
008 - FIXED-LENGTH DATA ELEMENTS
- fixed length control field: 250506|| aca||aabn | a|a d
040 ## - CATALOGING SOURCE
- Original cataloging agency: OSt
- Transcribing agency: OSt
100 ## - HEADING--PERSONAL NAME
- Personal name: Ghosh, B.N
670 ## - SOURCE DATA FOUND
- Source citation: Work cat.: (OSt)9178: Som, P . 7452, Advanced surveying / , 1988.
